000 00674nam a2200229 a 4500
001 BRCA_7968
005 20190320210056.0
008 110314t19691962gw-a###f##---#000-0#ger-#
041 _ager
044 _agw
050 4 _aNK2808
_b.L48
_c1969
100 1 _aLettenmair, Josef Günther
_919751
245 1 0 _aDas grosse Orient-teppich-buch
_cJosef Gunther Lettenmair.
250 _a3
260 _aMünchen
_bWelsermühl
_c1969
300 _a416 p.
_bil. a color, 572 láminas
_c22 cm.
500 _a3134
650 1 4 _aAlfombras orientales
_vManuales y guías
_919752
650 1 4 _aTapetes orientales
_vColeccionistas y colecciones
_919753
902 _aGFM
942 _2lcc
_cB
999 _c7637
_d7637